The Essential Tagore/ (Record no. 76746)

MARC details
000 -LEADER
fixed length control field 00626nam a22001817a 4500
005 - DATE AND TIME OF LATEST TRANSACTION
control field 20130618144328.0
010 ## - LCCN (DPL NO)
LC control number B-512733-739
020 ## - INTERNATIONAL STANDARD BOOK NUMBER
International Standard Book Number 9788175224612
Terms of availability 1500.00
035 ## - SYSTEM CONTROL NUMBER
System control number B-512733-739
037 ## - SOURCE OF ACQUISITION
Stock number dpl
Source of stock number/acquisition BSB/Ven
100 ## - MAIN ENTRY--PERSONAL NAME
Personal name Tagore, Rabindranath
245 ## - TITLE STATEMENT
Title The Essential Tagore/
Statement of responsibility, etc by Rabindranath Tagore
260 ## - PUBLICATION, DISTRIBUTION, ETC. (IMPRINT)
Place of publication, distribution, etc Kolkata
Name of publisher, distributor, etc Visva-Bharati
Date of publication, distribution, etc 2011
270 ## - ADDRESS
Address 6 Acharya Jagdish Chandra Bose Road
City Kolkata
Postal code 700017
300 ## - PHYSICAL DESCRIPTION
Extent 761p.
Other physical details col.ill
Dimensions 26cm(Hb)
942 ## - ADDED ENTRY ELEMENTS (KOHA)
Source of classification or shelving scheme Dewey Decimal Classification
Item type English Books
Classification part 863.1092
Call number suffix TAG
Holdings
Withdrawn status Lost status Not for loan Collection code Home library Current library Date acquired Source of acquisition Cost, normal purchase price Full call number Barcode Copy number Cost, replacement price Koha item type
    Not For Loan Reference Central Library Central Library 18/06/2013 BSB/885/09.03.2013/169/08.03.2013/23.03.2013 1500.00 863.1092 TAG B-512733 1 1500.00 English Books
    Not For Loan Reference Janak Puri Janak Puri 18/06/2013 BSB/885/09.03.2013/169/08.03.2013/23.03.2013 1500.00 863.1092 TAG B-512735 1 1500.00 English Books
    Not For Loan Reference Karol Bagh Karol Bagh 18/06/2013 BSB/885/09.03.2013/169/08.03.2013/23.03.2013 1500.00 863.1092 TAG B-512737 1 1500.00 English Books
    Not For Loan Reference Narela Narela 18/06/2013 BSB/885/09.03.2013/169/08.03.2013/23.03.2013 1500.00 863.1092 TAG B-512738 1 1500.00 English Books
    Not For Loan Reference Patel Nagar Patel Nagar 18/06/2013 BSB/885/09.03.2013/169/08.03.2013/23.03.2013 1500.00 863.1092 TAG B-512734 1 1500.00 English Books
    Not For Loan Reference Sarojini Nagar Sarojini Nagar 18/06/2013 BSB/885/09.03.2013/169/08.03.2013/23.03.2013 1500.00 863.1092 TAG B-512736 1 1500.00 English Books
    Not For Loan Reference Shahdara Branch Shahdara Branch 18/06/2013 BSB/885/09.03.2013/169/08.03.2013/23.03.2013 1500.00 863.1092 TAG B-512739 1 1500.00 English Books

© Delhi Public Library
Hit Counter
free hit counter